| 000 | 00357nam a2200133Ia 4500 | ||
|---|---|---|---|
| 008 | 240624s9999 xx 000 0 und d | ||
| 041 | _aeng | ||
| 082 | _a658.16 KNO | ||
| 100 | _aKNOWDELL RICHARD L | ||
| 245 | _aFROM DOWNSIZING TO RECOVERY STRATEGIC TR | ||
| 260 |
_c1999 _aMumbai _bJaico Publishing House |
||
| 300 | _axi, : 240 : P. : CM. ; 24 | ||
| 365 | _cRS | ||
| 999 |
_c811 _d811 |
||